पुन्हा गांधीजी / (Record no. 59526)

MARC details
000 -LEADER
fixed length control field 01128nam a22002417a 4500
005 - DATE AND TIME OF LATEST TRANSACTION
control field 20111207162222.0
008 - FIXED-LENGTH DATA ELEMENTS--GENERAL INFORMATION
fixed length control field 111207t xxu||||| |||| 00| 0 mar d
010 ## - LCCN (DPL NO)
LC control number MAR-21767
020 ## - INTERNATIONAL STANDARD BOOK NUMBER
Terms of availability 100.00
035 ## - SYSTEM CONTROL NUMBER
System control number MR-14425
037 ## - SOURCE OF ACQUISITION
Source of stock number/acquisition DBAD/PUB
040 ## - CATALOGING SOURCE
Original cataloging agency DPL
Language of cataloging MR
082 ## - DEWEY DECIMAL CLASSIFICATION NUMBER
Classification number 891.462
100 ## - MAIN ENTRY--PERSONAL NAME
9 (RLIN) 36528
Personal name विजय भास्कर
245 ## - TITLE STATEMENT
Title पुन्हा गांधीजी /
Statement of responsibility, etc विजय भास्कर ; हेमलता पाटील द्वारा अनुवादित
246 ## - VARYING FORM OF TITLE
Title proper/short title Punha Gandhiji
Remainder of title by Vijay Bhaskar
260 ## - PUBLICATION, DISTRIBUTION, ETC. (IMPRINT)
Place of publication, distribution, etc औरंगाबाद
Name of publisher, distributor, etc गोदा प्रकाशन
Date of publication, distribution, etc 2008
270 ## - ADDRESS
Address 'अक्षर',49,जयनगर,नवा उस्मानपुर,
City औरंगाबाद
Postal code 431005
300 ## - PHYSICAL DESCRIPTION
Extent 49पृ.
Dimensions 21सेमी(अजिल्द)
700 ## - ADDED ENTRY--PERSONAL NAME
Personal name पाटील,हेमलता
9 (RLIN) 37009
942 ## - ADDED ENTRY ELEMENTS (KOHA)
Source of classification or shelving scheme Dewey Decimal Classification
Item type Marathi Books
Call number suffix विजय
Classification part 891.462
Holdings
Withdrawn status Lost status Source of classification or shelving scheme Damaged status Not for loan Collection code Home library Current library Date acquired Source of acquisition Cost, normal purchase price Total Checkouts Full call number Barcode Date last seen Copy number Cost, replacement price Koha item type
    Dewey Decimal Classification   Not For Loan Non-fiction D.B.Act.Division D.B.Act.Division 16/12/2011 DBAD/PUB 100.00   891.462 विजय MR-14425 16/12/2011 1 100.00 Marathi Books

© Delhi Public Library
Hit Counter
free hit counter